[Event "HEM Kandidaten"]
[Site "?"]
[Date "2024.05.19"]
[Round "2.1"]
[White "Emami, Madjid"]
[Black "Tietz, Bennit"]
[Result "1/2-1/2"]
[WhiteElo "1937"]
[BlackElo "1896"]
[PlyCount "82"]
[GameId "2047070904504501"]
[EventDate "2024.??.??"]
[WhiteTeam "Hamburger SK von 1830 eV"]
[BlackTeam "Hamburger SK von 1830 eV"]

{[%evp 0,82,19,27,26,8,13,4,4,-13,6,-10,-13,-20,-13,-45,-14,-11,-19,-8,4,-32,-11,-4,9,-10,7,3,-1,-16,0,-10,31,31,83,59,111,106,84,72,70,70,58,32,87,23,62,54,62,59,50,68,50,53,57,57,54,51,55,39,36,36,29,22,21,-5,7,0,0,0,3,0,-3,0,0,0,0,0,-12,-12,-8,-6,2,-6,0]} 1. Nf3 d5 2. e3 Nf6 3. c4 e6 4. b3 c5 5. Bb2 Nc6 6. cxd5 exd5 7. d3 Be7 8. Be2 O-O 9. O-O b6 10. a3 Bb7 11. Nbd2 Nd7 12. Qb1 Bf6 13. b4 Qe7 14. b5 Nce5 15. d4 Ng6 16. Bd3 Rac8 17. Bf5 Kh8 18. a4 a5 19. dxc5 Bxb2 20. Qxb2 Rxc5 21. Nb3 Rc7 22. Nbd4 Nde5 23. Rfc1 Nc4 24. Qe2 Nge5 25. Nxe5 Qxe5 26. Qh5 h6 27. Bg4 Qxh5 28. Bxh5 g6 29. Bg4 h5 30. Bf3 Rfc8 31. Be2 Nd6 32. Nb3 Ne4 33. Rxc7 Rxc7 34. Nd4 Nc3 35. Bd1 Nxd1 36. Rxd1 Rc4 37. Ra1 Kg7 38. Kf1 Kf6 39. Ke2 Bc8 40. Kd2 Bf5 41. h4 Be4 1/2-1/2

[Event "HEM Kandidaten"]
[Site "?"]
[Date "2024.05.19"]
[Round "2.2"]
[White "Schiller, Thomas"]
[Black "Becker, Thomas"]
[Result "1/2-1/2"]
[WhiteElo "1852"]
[BlackElo "1911"]
[PlyCount "43"]
[GameId "2046969049178415"]
[EventDate "2024.??.??"]
[WhiteTeam "SK Johanneum Eppendorf"]
[BlackTeam "Volksdorfer SK 1948"]

{[%evp 0,43,26,28,56,7,-4,-30,-12,-15,-5,-7,8,-1,53,53,31,41,66,46,41,56,60,67,70,52,48,52,58,22,24,15,14,5,0,0,0,0,0,0,0,0,0,0,0,0]} 1. e4 c5 2. c3 d5 3. exd5 Qxd5 4. d4 Nc6 5. Nf3 Bg4 6. Be2 cxd4 7. cxd4 e6 8. Nc3 Bb4 9. O-O Qa5 10. Bd2 Qd8 11. a3 Be7 12. Be3 Nf6 13. h3 Bh5 14. b4 O-O 15. Qd2 a6 16. Rfd1 Nd5 17. Nxd5 Qxd5 18. Rac1 Rfd8 19. Bc4 Qf5 20. Bd3 Qd5 21. Bc4 Qf5 22. Bd3 1/2-1/2

[Event "HEM Kandidaten"]
[Site "?"]
[Date "2024.05.19"]
[Round "2.3"]
[White "Johanssen, Torsten"]
[Black "Sell, Eero"]
[Result "0-1"]
[WhiteElo "1906"]
[BlackElo "1843"]
[PlyCount "46"]
[GameId "2046972150493497"]
[EventDate "2024.??.??"]
[WhiteTeam "SC Diogenes e.V."]
[BlackTeam "SchVgg Blankenese von 1923 e.V."]

{[%evp 0,46,28,0,-12,-5,-12,-12,-18,-33,-20,-16,19,-5,5,14,12,17,17,8,24,-9,-5,-11,-12,-35,0,3,16,6,6,-3,32,49,39,36,41,6,0,0,0,0,0,0,16,0,0,-273,-463]} 1. c4 e5 2. Nc3 Nf6 3. Nf3 Nc6 4. g3 Bb4 5. Bg2 Bxc3 6. bxc3 O-O 7. O-O d6 8. d3 h6 9. Ne1 Be6 10. Nc2 Qd7 11. Re1 Bh3 12. Bh1 a5 13. Ne3 Rfe8 14. Nd5 Nxd5 15. Bxd5 Kh8 16. Qa4 Rf8 17. Rb1 Rab8 18. Rxb7 Rxb7 19. Bxc6 Qc8 20. Bxb7 Qxb7 21. e4 f5 22. Qb5 Qc8 23. Qd5 f4 0-1

[Event "HEM Kandidaten"]
[Site "?"]
[Date "2024.05.19"]
[Round "2.4"]
[White "Piepenhagen, Eric"]
[Black "Schacht, David"]
[Result "1-0"]
[WhiteElo "1914"]
[BlackElo "1770"]
[PlyCount "153"]
[GameId "2047062708408351"]
[EventDate "2024.??.??"]
[WhiteTeam "Niendorfer TSV 1919 SAbt"]
[BlackTeam "SchVgg Blankenese von 1923 e.V."]

{[%evp 0,153,16,28,39,10,14,25,13,20,-7,-7,91,24,17,19,29,16,34,-4,46,46,46,46,54,71,82,82,82,82,82,82,76,91,94,94,91,89,89,94,99,99,99,99,104,92,92,95,97,98,98,102,107,97,110,98,110,95,106,118,191,110,114,114,114,101,104,112,108,109,117,97,97,83,99,83,74,64,71,65,64,65,71,2,2,0,0,4,13,0,0,0,0,0,0,0,0,0,0,0,0,0,0,0,0,0,0,0,0,0,0,3,2,10,10,10,11,3,6,9,9,9,11,10,11,11,11,10,15,15,54,60,60,20,95,95,102,10,10,10,144,144,147,134,270,234,527,537,537,537,557,557,557,557,557,557]} 1. e4 e5 2. Nf3 Nc6 3. Nc3 Nf6 4. d4 exd4 5. Nxd4 d5 6. exd5 Nxd5 7. Nxc6 bxc6 8. Nxd5 Qxd5 9. Bf4 Qe4+ 10. Qe2 Qxe2+ 11. Bxe2 Bd6 12. Bf3 Bd7 13. Bxd6 cxd6 14. O-O-O d5 15. Rhe1+ Be6 16. c4 O-O-O 17. cxd5 cxd5 18. Re5 Rd7 19. Bxd5 Rc7+ 20. Kb1 Bxd5 21. Rexd5 Re8 22. b3 Re2 23. R1d2 Rxd2 24. Rxd2 Kb7 25. Kb2 h5 26. g3 a6 27. a4 g6 28. h3 Kb6 29. Rd6+ Kb7 30. Rd4 Kb6 31. Rb4+ Ka7 32. Rc4 Re7 33. Kc3 Kb6 34. Rf4 f5 35. b4 Re6 36. Kc4 Re2 37. g4 hxg4 38. hxg4 fxg4 39. Rf6+ Kb7 40. Rf7+ Kc6 41. b5+ axb5+ 42. axb5+ Kb6 43. Rf6+ Kb7 44. b6 g5 45. Kd3 Re5 46. Rg6 Rf5 47. Ke2 Re5+ 48. Kf1 Rf5 49. Kg2 Ka6 50. Kg1 Kb7 51. Kg2 Ka6 52. Kg3 Kb7 53. Re6 Ka6 54. Re2 Rf4 55. Rb2 Kb7 56. Rb5 Rf3+ 57. Kg2 Rf4 58. Rxg5 Kxb6 59. Rd5 Kc6 60. Rd2 Re4 61. Kg3 Rc4 62. Rd8 Rb4 63. Rg8 Kd6 64. Rxg4 Rb1 65. Re4 Rg1+ 66. Kf4 Rh1 67. Kg5 Rh8 68. Kg6 Kd5 69. Ra4 Rg8+ 70. Kf7 Rg2 71. f4 Rb2 72. Ra5+ Ke4 73. f5 Kf4 74. f6 Rb7+ 75. Kg8 Rb8+ 76. Kg7 Rb1 77. f7 1-0

[Event "HEM Kandidaten"]
[Site "?"]
[Date "2024.05.19"]
[Round "2.5"]
[White "Ruider, Thomas"]
[Black "Gehn, Roland"]
[Result "1-0"]
[WhiteElo "1846"]
[BlackElo "1934"]
[PlyCount "119"]
[GameId "2047191315853341"]
[EventDate "2024.??.??"]
[WhiteTeam "SF Sasel 1947"]
[BlackTeam "SK Union Eimsbuettel eV"]

{[%evp 0,81,19,31,25,18,57,63,39,47,33,32,27,5,19,7,43,11,16,4,8,1,5,7,34,36,36,33,36,36,26,24,29,14,18,-1,-1,3,23,10,10,8,18,16,18,0,0,0,-3,1,2,-16,13,13,0,0,0,-4,11,-19,-4,-10,7,7,7,11,11,11,11,9,7,0,0,0,105,0,36,0,0,-21,-13,-23,18,18]} 1. d4 Nf6 2. Nf3 g6 3. Nc3 d5 4. Bf4 Bg7 5. e3 O-O 6. Be2 Nh5 7. Bg5 c6 8. Qd2 Nf6 9. Ne5 Nbd7 10. Bf4 Ne4 11. Nxe4 dxe4 12. Nxd7 Bxd7 13. O-O Bf5 14. Qb4 Qd7 15. Rfd1 Rfd8 16. Bg5 Bf6 17. Bxf6 exf6 18. c4 Qd6 19. Qa5 Be6 20. Rd2 a6 21. Rad1 Rac8 22. d5 cxd5 23. cxd5 Bd7 24. Rd4 f5 25. Qd2 Rc7 26. Rc4 Rdc8 27. Rxc7 Rxc7 28. g3 Rc5 29. b4 Rc8 30. Qb2 Bb5 31. Bxb5 axb5 32. a3 Rc4 33. Rd4 Kf8 34. Rd1 f6 35. h4 h5 36. Kg2 Qe5 37. Qd2 Ke7 38. d6+ Kd7 39. Qd5 Qxd5 40. Rxd5 Rc3 41. Rxb5 Rxa3 42. Rxb7+ Kxd6 43. Rg7 Rb3 44. Rxg6 Ke6 45. Rh6 Rxb4 46. Rxh5 Rb8 47. Rh7 Rg8 48. Rb7 Rh8 49. Rb6+ Kf7 50. f3 Re8 51. Rb4 exf3+ 52. Kxf3 Kg6 53. Kf4 Re5 54. Rd4 Kh5 55. Rd6 Kg6 56. h5+ Kxh5 57. Rxf6 Re4+ 58. Kxf5 Rxe3 59. g4+ Kh4 60. Kf4 1-0

[Event "HEM Kandidaten"]
[Site "?"]
[Date "2024.05.19"]
[Round "2.6"]
[White "Laucht, Philipp"]
[Black "Haack, Stefan"]
[Result "1/2-1/2"]
[WhiteElo "1801"]
[BlackElo "1793"]
[PlyCount "42"]
[GameId "2046972813533507"]
[EventDate "2024.??.??"]
[WhiteTeam "SK Johanneum Eppendorf"]
[BlackTeam "SC Diogenes e.V."]

{[%evp 0,42,28,35,22,38,38,8,15,0,2,2,26,24,22,32,23,-20,0,-9,-5,7,1,-3,18,4,28,1,27,27,27,26,36,34,28,20,37,25,24,0,0,-6,34,0,0]} 1. e4 e5 2. Nf3 Nc6 3. Bb5 a6 4. Ba4 b5 5. Bb3 Be7 6. O-O Nf6 7. d3 O-O 8. c3 d6 9. h3 Na5 10. Bc2 c5 11. d4 Qc7 12. d5 h6 13. Re1 Ne8 14. Nbd2 f5 15. exf5 Bxf5 16. Nf1 Bxc2 17. Qxc2 Nf6 18. Ne3 Qd7 19. Qg6 Qe8 20. Qf5 Qd7 21. Qg6 Qe8 1/2-1/2

[Event "HEM Kandidaten"]
[Site "?"]
[Date "2024.05.19"]
[Round "2.7"]
[White "Schwarzman, Isja"]
[Black "Atri, Jamshid"]
[Result "0-1"]
[WhiteElo "1875"]
[BlackElo "1991"]
[Annotator "hugo5"]
[PlyCount "111"]
[GameId "2047078821326975"]
[EventDate "2024.??.??"]
[WhiteTeam "Hamburger SK von 1830 eV"]
[BlackTeam "Hamburger SK von 1830 eV"]

{[%evp 0,53,25,25,75,69,77,63,106,72,87,86,81,61,91,61,104,81,111,90,80,72,44,34,42,35,531,-17,294,0,87,30,26,26,39,29,2,-1,14,20,123,67,65,-19,15,-40,-53,-66,-71,-91,-91,-110,-88,-105,-76,-104]} 1. e4 d6 2. d4 Nf6 3. Nc3 e5 4. dxe5 dxe5 5. Qxd8+ Kxd8 6. Bc4 Ke8 7. Nf3 Bd6 8. Bg5 c6 9. O-O-O Bc7 10. Rhe1 Nbd7 11. Bh4 h6 12. h3 Nd5 13. Rd2 g5 14. Bg3 Nf4 15. Bf1 a5 16. Red1 f6 17. Nh2 Nc5 18. f3 h5 19. Bf2 Nce6 20. g3 Ng6 21. a4 Ke7 22. Bc4 Nd4 23. Bf1 h4 24. g4 Be6 25. Kb1 b6 26. Re1 Rad8 27. Nd1 Bc8 28. Ne3 Nf4 29. Red1 Be6 30. Nf5+ Nxf5 31. gxf5 Bf7 32. Ng4 Rxd2 33. Rxd2 Rd8 34. Kc1 Bh5 35. Be3 Rxd2 36. Kxd2 Bf7 37. Bxf4 exf4 38. Nh6 Bh5 39. Ng4 Bd6 40. Bc4 Be8 41. Kd3 b5 42. axb5 cxb5 43. Be6 Bc5 44. e5 fxe5 45. Nxe5 a4 46. Ke4 Bd6 47. Bd5 b4 48. Nc4 Bc7 49. Be6 Bf7 50. Kd5 Bxe6+ 51. fxe6 g4 52. fxg4 f3 53. Ne3 a3 54. Nf5+ Kd8 55. bxa3 bxa3 56. Kc6 0-1

[Event "HEM Kandidaten"]
[Site "?"]
[Date "2024.05.19"]
[Round "2.8"]
[White "Malchereck, Romeo"]
[Black "Quitzau, Lukas"]
[Result "1/2-1/2"]
[WhiteElo "1774"]
[BlackElo "1827"]
[Annotator "hugo5"]
[PlyCount "166"]
[GameId "2047073407258736"]
[EventDate "2024.??.??"]
[WhiteTeam "Hamburger SK von 1830 eV"]
[BlackTeam "Barmbeker SK 1926 eV"]

{[%evp 0,50,19,28,64,75,77,8,62,50,37,15,14,11,30,42,49,1,1,-16,11,1,18,5,43,47,102,102,102,103,105,82,120,92,119,56,77,40,47,10,79,0,0,0,15,34,33,43,66,34,37,36,44]} 1. e4 d6 2. d4 Nf6 3. Bd3 Nbd7 4. Nf3 e5 5. c3 Be7 6. O-O c6 7. Re1 Qc7 8. dxe5 dxe5 9. h3 h6 10. Be3 a5 11. a4 Nf8 12. Nbd2 g5 13. Nc4 Ng6 14. Bb6 Qb8 15. Bf1 g4 16. hxg4 Bxg4 17. Ncd2 Rg8 18. Qb3 Nf4 19. Kh1 Be6 20. Qc2 Ng4 21. g3 Bd8 22. Be3 Nxe3 23. Rxe3 Ng6 24. Nc4 Be7 25. Rd1 Qc7 26. b3 h5 27. Nh2 h4 28. Red3 f5 29. Nd6+ Bxd6 30. Rxd6 Qf7 31. Rxe6+ Qxe6 32. exf5 Qf6 33. fxg6 hxg3 34. fxg3 Rxg6 35. Qd3 Rh6 36. Kg2 Qe6 37. g4 Ke7 38. Qc4 Qf6 39. Qc5+ Kf7 40. Bc4+ Kg7 41. Rf1 Rxh2+ 42. Kxh2 Qh4+ 43. Kg2 Qxg4+ 44. Kf2 Rf8+ 45. Ke1 Qg3+ 46. Rf2 Qxc3+ 47. Kf1 Qc1+ 48. Kg2 Qg5+ 49. Kh1 Rh8+ 50. Rh2 Rxh2+ 51. Kxh2 Qd2+ 52. Kg3 Qf4+ 53. Kg2 Qe4+ 54. Kf2 Qf4+ 55. Ke2 Qg4+ 56. Kd2 Qf4+ 57. Qe3 Qf6 58. Kc3 Kf8 59. Qe4 Ke7 60. Qh7+ Kd6 61. Qd3+ Kc5 62. Qe4 Qh8 63. Qe3+ Kd6 64. Qg3 Kc5 65. Kd3 Qd8+ 66. Ke2 Qf6 67. Ke3 Qh8 68. Ke4 Kd6 69. Qg6+ Kc5 70. Qf5 b5 71. Qf2+ Kb4 72. axb5 cxb5 73. Qd2+ Ka3 74. Qxa5+ Kb2 75. Qxb5 Qh4+ 76. Kd5 Qf6 77. Kc5 Qe7+ 78. Kb6 Qd6+ 79. Qc6 Qd4+ 80. Kb5 Qe3 81. Qg2+ Ka3 82. Qf1 Qc3 83. Kc6 Kb4 1/2-1/2

[Event "HEM Kandidaten"]
[Site "?"]
[Date "2024.05.19"]
[Round "2.9"]
[White "Priess, Holger"]
[Black "Srinath, Manish"]
[Result "0-1"]
[WhiteElo "1789"]
[BlackElo "1729"]
[PlyCount "78"]
[GameId "2046973817413967"]
[EventDate "2024.??.??"]
[WhiteTeam "SF Hamburg e.V. 1934"]
[BlackTeam "Hamburger SK von 1830 eV"]

{[%evp 0,52,24,25,30,21,23,20,27,18,26,-6,-5,-6,11,3,1,-4,12,19,8,-25,-15,-21,1,-41,-43,-30,-12,-159,-180,-233,-231,-402,-235,-206,91,-357,-417,-385,-441,-461,-488,-494,-376,-491,-277,-683,-180,-180,-177,-177,-143,-208,-201]} 1. d4 Nf6 2. Bf4 d5 3. Nf3 Nc6 4. e3 Bg4 5. Be2 e6 6. a3 Be7 7. Nc3 O-O 8. h3 Bh5 9. g4 Bg6 10. Qd2 a6 11. O-O-O b5 12. Na2 Ne4 13. Qe1 Qb8 14. c3 a5 15. Ne5 Nxe5 16. dxe5 c5 17. f3 Bh4 18. Qg1 Nf2 19. Rh2 Nxd1 20. Bxd1 b4 21. e4 Be7 22. h4 f6 23. exf6 Bd6 24. Bxd6 Qxd6 25. h5 Be8 26. g5 dxe4 27. Rd2 Qf4 28. Bb3 Rd8 29. Bxe6+ Kh8 30. fxg7+ Kxg7 31. h6+ Kg6 32. Qe1 Qxd2+ 33. Qxd2 Rxd2 34. Kxd2 exf3 35. Ke1 Rf4 36. Bd5 f2+ 37. Kf1 Bd7 38. Be4+ Kxg5 39. Nxb4 Bh3+ 0-1

[Event "HEM Kandidaten"]
[Site "?"]
[Date "2024.05.19"]
[Round "2.10"]
[White "Becker-Bertau, Friedrich"]
[Black "Meyer, Winfried"]
[Result "1-0"]
[WhiteElo "1932"]
[BlackElo "1777"]
[PlyCount "101"]
[GameId "2047068024488094"]
[EventDate "2024.??.??"]
[WhiteTeam "Langenhorner SF 1928"]
[BlackTeam "Langenhorner SF 1928"]

{[%evp 0,53,26,38,46,58,46,-10,10,2,20,-5,-14,-41,20,8,10,8,-2,-25,-14,-12,-3,-6,-3,-26,-34,-25,-10,8,-2,-2,9,0,54,37,100,99,68,62,64,44,87,57,47,17,24,-9,-20,-3,58,9,47,-11,30,20]} 1. e4 c5 2. Nf3 Nc6 3. c3 Nf6 4. e5 Nd5 5. Bc4 Nb6 6. Bb5 Qc7 7. Qe2 a6 8. Bxc6 dxc6 9. d4 cxd4 10. cxd4 Bg4 11. h3 Bh5 12. g4 Bg6 13. e6 Qd6 14. exf7+ Bxf7 15. Ne5 Bd5 16. O-O Nd7 17. Bf4 Qe6 18. Nc3 Nxe5 19. Nxd5 Qxd5 20. Bxe5 Qd7 21. Qe4 O-O-O 22. Kh2 e6 23. f4 Bd6 24. Rad1 Qf7 25. b3 Rd7 26. a4 Qg6 27. Qxg6 hxg6 28. Kg3 Rhd8 29. Rde1 Re7 30. Rf3 Bxe5 31. dxe5 Rd5 32. Kh4 Red7 33. Ree3 Kd8 34. Kg5 Ke7 35. Kxg6 Kf8 36. h4 Rf7 37. Re4 b6 38. h5 c5 39. f5 Kg8 40. fxe6 Rxf3 41. e7 Rf8 42. exf8=Q+ Kxf8 43. g5 Kg8 44. h6 gxh6 45. gxh6 Rd1 46. h7+ Kh8 47. e6 Rg1+ 48. Kf5 Kxh7 49. e7 Rf1+ 50. Kg4 Rg1+ 51. Kf3 1-0